| 000 | 00598nam a22001697a 4500 | ||
|---|---|---|---|
| 008 | 161103b xxu||||| |||| 00| 0 eng d | ||
| 050 | _aB53.M433 | ||
| 100 |
_aMaurice, Merleau-Ponty _927285 |
||
| 245 |
_aIn Praise of philosophy and other essays _c/Merleau-Ponty Maurice |
||
| 260 |
_aEvanston _bNorthwestern University Press _c1988 |
||
| 300 |
_a199p.; _c22cm. |
||
| 440 |
_aNorthwestern University studies in phenomenologyand existential philosophy _927289 |
||
| 650 |
_aPhilosophy _927286 |
||
| 710 |
_aJames Wild _etr. _927287 |
||
| 710 |
_aJohn O'Neill _etr. _927288 |
||
| 942 |
_2lcc _cMONOGRAPH |
||
| 999 |
_c125672 _d125672 |
||